000 00510nam a2200181Ia 4500
001 2637
005 20260306144821.0
008 260306t2017||||xx |||||||||||||| ||spa||
041 _aESP
082 _a618.928
_bY28
100 _aYáñez Téllez, Ma. Guillermina
_eAUT
245 0 _aNeuropsicología de los trastornos del neurodesarrollo. Diagnostico, evaluación e intervención
260 _c2017
300 _axii, 147 páginas :
_c23 cm.
650 _aGEN
654 _aCPS
942 _cLIB
_dJUS
_fJUS
_2ddc
_n
999 _c2637
_d2637